| 000 | 00907nam a22002177a 4500 | ||
|---|---|---|---|
| 999 |
_c20734 _d20734 |
||
| 005 | 20200127103308.0 | ||
| 008 | 200127b xxu||||| |||| 00| 0 spa d | ||
| 040 |
_aCO-BoIAVH _cCO-BoIAVH |
||
| 041 | _aspa | ||
| 044 | _ack | ||
| 110 | _aConsejo Comunitario Bajo Calima | ||
| 245 |
_aVisión prospectiva y estratégica del consejo comunitario de las comunidades negras de la cuenca baja del Río Calima _cConsejo Comunitario Bajo Calima, apoyo técnico Fundación FUNDAPAV |
||
| 260 |
_as.l, _bConsejo Comunitario Bajo Calima _cs.f |
||
| 300 |
_a31 páginas, _bFotografías y formas a color, _c21.4 x 27.8 cm |
||
| 650 | 0 | _aProgramas de mejoramiento | |
| 650 | 0 |
_aComunidades negras _vCuenca baja _zRío Calima |
|
| 650 | 0 | _aProspección | |
| 650 | 0 |
_aAspectos sociales _zRío Calima |
|
| 710 |
_aFundación FUNDAPAV _eApoyo técnico |
||
| 942 |
_2ddc _cFolleto |
||